Normal view
MARC view
Entry Meeting Name
001 - CONTROL NUMBER
- control field: 15230
003 - CONTROL NUMBER IDENTIFIER
- control field: OSt
005 - DATE AND TIME OF LATEST TRANSACTION
- control field: 20211110111508.0
008 - FIXED-LENGTH DATA ELEMENTS
- fixed length control field: 211110|| aca||aabn | a|a d
040 ## - CATALOGING SOURCE
- Original cataloging agency: OSt
- Transcribing agency: OSt
111 ## - HEADING--MEETING NAME
- Meeting name or jurisdiction name as entry element: IDEAL Symposium on the Limnology, Climatology and Paleoclimatology of the East African Lakes
- Date of meeting: (1993 :
- Location of meeting: Jinja, Uganda)
670 ## - SOURCE DATA FOUND
- Source citation: Work cat.: (OSt)0: The limnology, climatology and paleoclimatology of the East African lakes /, c1996.
